LEADER 01104cam0-2200349---450- 001 990008634890403321 005 20141112102155.0 010 $a88-14-02882-6 035 $a000863489 035 $aFED01000863489 035 $a(Aleph)000863489FED01 035 $a000863489 100 $a20080317d1991----km-y0itay50------ba 101 1 $aita$ceng 102 $aIT 105 $ay---a---001yy 200 1 $aAttribuzione causale$edai processi cognitivi alle credenze collettive$fMiles Hewstone$gtraduzione di Antonella Dai Prà$gsupervisione scientifica di Adriano Zamperini 210 $aMilano$cGiuffrè$d1991 215 $aXIV, 357 p.$d24 cm 225 1 $aCollana di psicologia sociale e clinica$v55 610 0 $aPsicologia sociale 676 $a158.2$v21$zita 700 1$aHewstone,$bMiles$f<1956- >$0141923 702 1$aDal Prà,$bAntonella 702 1$aZamperini,$bAdriano 801 0$aIT$bUNINA$gREICAT$2UNIMARC 901 $aBK 912 $a990008634890403321 952 $aP.1 PS 417$bBibl. 11610$fFLFBC 959 $aFLFBC 996 $aAttribuzione causale$9713609 997 $aUNINA LEADER 00957nam0-2200277 --450 001 9910280359103321 005 20180719112658.0 010 $a978-88-343-3392-1 100 $a20180719d2017----kmuy0itay5050 ba 101 0 $aita 102 $aIT 105 $a 001yy 200 1 $aAmerica invulnerabile e insicura$ela politica estera degli Stati Uniti nella stagione dell'impegno globale$euna lettura geopolitica$fCorrado Stefanachi 210 $aMilano$cVita e pensiero$d2017 215 $a396 p.$d23 cm 225 1 $aRelazioni internazionali e scienza politica$fASERI$v55 610 0 $aStati Uniti d'America$aPolitica internazionale$aSec. 20. 676 $a327.7300904$v23$zita 700 1$aStefanachi,$bCorrado$0517285 801 0$aIT$bUNINA$gREICAT$2UNIMARC 901 $aBK 912 $a9910280359103321 952 $aCOLLEZ. 2183 (55)$b99/2018$fFSPBC 959 $aFSPBC 996 $aAmerica invulnerabile e insicura$91507461 997 $aUNINA